Revisión de 1km de concreto hidráulico del tramo de carretera rotulo- salinas Pinel en la ciudad de Nueva Guinea.
Presenta el mantenimiento y reparación del tramo de carretera, de la Ciudad de Nueva Guinea, ha presentado problemas en las vías urbanas debido a la falta de atención en el mejoramiento de las mismas, ya que solamente 10% se encuentran pavimentadas con adoquín y concreto hidráulico.
| Main Authors: | , |
|---|---|
| Other Authors: | |
| Format: | Tesis Section = Libro |
| Language: | Undetermined Spanish |
| Published: |
Managua
UNI
2016
|
| Subjects: |
| LEADER | 01151nam a2200265Ia 4500 | ||
|---|---|---|---|
| 008 | 240830s9999 xx 000 0 und d | ||
| 040 | |a BIBLIOTECA-RUPAP Mon 625.85 Ch512 | ||
| 041 | |a spa | ||
| 082 | |a Mon 625.85 Ch512 | ||
| 100 | 1 | |a Chavarría González, Bryan Jesús | |
| 100 | 1 | |b Chamorro Mayen, Jeffry Wilson | |
| 245 | 1 | 0 | |a Revisión de 1km de concreto hidráulico del tramo de carretera rotulo- salinas Pinel en la ciudad de Nueva Guinea. |
| 260 | |a Managua |b UNI |c 2016 | ||
| 300 | |a 122 p. :il. | ||
| 500 | |a Contiene: anexos. | ||
| 502 | |a Tesis (Ingeniero Civil)- UNI, 2016. | ||
| 520 | 3 | |a Presenta el mantenimiento y reparación del tramo de carretera, de la Ciudad de Nueva Guinea, ha presentado problemas en las vías urbanas debido a la falta de atención en el mejoramiento de las mismas, ya que solamente 10% se encuentran pavimentadas con adoquín y concreto hidráulico. | |
| 650 | 7 | |a CONCRETO HIDRAULICO | |
| 650 | 7 | |b CONSTRUCCION DE CARRETERAS | |
| 650 | 7 | |c CARRETERAS-MANTENIMIENTO Y REPARACION | |
| 650 | 7 | |d PAVIMENTOS | |
| 700 | 1 | |a Tutor: |b Morales Urbina, Israel | |
| 942 | |c BK |2 ddc | ||
| 991 | |a TESIS | ||
| 999 | |c 16075 | ||